Jules Romains ou, Quand les Hommes de bonne volonte se cherchent
Gardado en:
| Autor Principal: | |
|---|---|
| Formato: | Libro |
| Idioma: | inglés |
| Publicado: |
Nagel
1951
|
| Tags: |
Engadir etiqueta
Sen Etiquetas, Sexa o primeiro en etiquetar este rexistro!
|
MARC
| LEADER | 00000nam a22000007a 4500 | ||
|---|---|---|---|
| 008 | 210121b ||||| |||| 00| 0 eng d | ||
| 100 | |a MARTIN-DESLIAS, Noel | ||
| 245 | |a Jules Romains |b ou, Quand les Hommes de bonne volonte se cherchent |c Noel Martin-Deslias | ||
| 260 | |b Nagel |c 1951 |h Paris |i 79091 |l PQ2635 .O52H7 | ||
| 942 | |a lcc |c BK |e O.A.JOHNSON |f 21/01/21 | ||
| 999 | |c 746 |d 746 | ||